LEADER 01205nam a2200277 u 4500 001 000000052046 003 CaOOAMICUS 005 20070226115414.0 008 001005s1974 it u000 u ita u 035 $a10857386 040 $aPUL(R)$bita 100 1 $aVerde, Giovanni.$0(OLS)http://pul/name/30544 245 12$aL'onere della prova nel processo civile /$cGiovanni Verde. 260 $aNapoli :$bJovene,$cc1974. 300 $a600 p. ;$c24 cm 490 1 $aPubblicazioni della Scuola di perfezionamento in diritto civile dell'Università di Camerino ;$v6 500 $aContiene indici. 504 $aBibliografia in nota. 650 4$aProcedura civile$zItalia.$0(OLS)http://pul/subject/14566 830 0$aPubblicazioni della Scuola di perfezionamento in diritto civile dell'Università di Camerino ;$v6.$0(OLS)http://pul/title/10217 850 $aPUL 852 $aPUL$W1$xDP1 Fondo Ciprotti$y59$m1540 F 66$j68852$nBK-PRI$b $qFondi$B68852$CPULBib$Z2$F68852 $H $81 941 1 $a1 961 $aINV: F. Ciprotti 996 $6245$aL'onere della prova nel processo civile$9(OLS)http://pul/title/69819 996 $6260$aNapoli :$bJovene$9(OLS)http://pul/publisher/47845 LEADER 01665nam a2200325 u 4500 001 000000047671 003 CaOOAMICUS 005 20070226114918.0 008 991221s1976 it u000 u ita u 035 $a10838302 040 $aMSA$bita 100 1 $aBonnet, Piero Antonio.$0(OLS)http://pul/name/2831 245 12$aL'essenza del matrimonio canonico :$bcontributo allo studio dell'amore coniugale /$cPiero Antonio Bonnet. 246 30$aMomento costitutivo del matrimonio 260 $aPadova :$bCEDAM,$c<1976- >. 300 $a ;$c25 cm 490 1 $aPubblicazioni dell'Istitito di diritto pubblico della Facoltà di Giurisprudenza (Università degli Studi di Roma).$aSerie III ;$v30 500 $aContiene indici. 505 2 $av. 1: Il momento costitutivo del matrimonio . 650 4$aMatrimonio$xAspetti morali e religiosi.$0(OLS)http://pul/subject/69 650 4$aMatrimonio (diritto canonico).$0(OLS)http://pul/subject/475 830 0$aPubblicazioni dell'Istitito di diritto pubblico della Facoltà di Giurisprudenza (Università degli Studi di Roma).$nSerie III ;$v30.$0(OLS)http://pul/title/64190 850 $aPUL 852 $aPUL$W1$xDP1 Fondo Ciprotti$y59$m1540 B 19$j63662$nBK-PRI$b $qFondi$B63662$CPULBib$Z2$F63662 $H $81 941 1 $a1 960 $aDiritto matrimoniale canonico$9475 961 $aINV: F. Ciprotti 996 $6245$aL'essenza del matrimonio canonico :$bcontributo allo studio dell'amore coniugale$9(OLS)http://pul/title/64188 996 $6246$aMomento costitutivo del matrimonio$9(OLS)http://pul/title/64189 996 $6260$aPadova :$bCEDAM$9(OLS)http://pul/publisher/48126